Visituru mǎṭiuḷu. Decorative tiles.

Saved in:
Bibliographic Details
Main Author: Godakumbura, C. E. 1907-1977.
Format: Book
Language:Sinhala
Published: 1965.
Subjects:
Tags: Add Tag
No Tags, Be the first to tag this record!
LEADER 00671nam a2200253K 4500
001 002425268-9
005 20020606093309.7
008 890626s1965 ce a 00000 sinod
010 |a sa 68014936  
035 0 |a ocm19929217 
040 |a WAU  |c WAU  |d CRL 
041 0 |a sineng 
043 |a a-ce--- 
090 |a NK4670  |b .G6 
100 1 |a Godakumbura, C. E.  |q (Charles Edmund),  |d 1907-1977. 
245 1 0 |a Visituru mǎṭiuḷu.  |b Decorative tiles. 
246 3 |a Decorative tiles. 
260 1 |c 1965. 
300 |a 36 p.  |b illus.  |c 25 cm. 
500 |a English or Sinhalese. 
650 0 |a Tiles. 
650 0 |a Decoration and ornament  |z Sri Lanka. 
988 |a 20020608 
906 |0 OCLC